| 000 | 00345nam a22001217a 4500 | ||
|---|---|---|---|
| 008 | 230605b xxu||||| |||| 00| 0 eng d | ||
| 082 |
_a332.12 _bMAS |
||
| 100 |
_cLara Mastropasqua _d2007 |
||
| 245 |
_aCorporate Kenya _bThe Business, Trade and Investment Guide 2007/2008 |
||
| 260 |
_bCorporate Guides _c2007 |
||
| 300 | _a288 pages | ||
| 942 |
_2ddc _cBK |
||
| 999 |
_c361 _d361 |
||